| 000 | 00546cam a2200193 a 4500 | ||
|---|---|---|---|
| 020 | _a2701307449 : | ||
| 040 | _cDLC | ||
| 082 | 0 | 0 | _a303 BER 1988 A014 Or. |
| 100 | 1 | _aGuillou, Michel. | |
| 245 | 1 | 3 | _aLa francophonie s'éveille / |
| 260 |
_aParis : _bBerger-Levrault, _cc1988. |
||
| 300 |
_a263 p. ; _c24 cm. |
||
| 490 | 1 |
_aCollection Mondes en devenir ; _aSérie Bâtisseurs d'avenir ; |
|
| 650 | 0 | _aInternational cooperation. | |
| 650 | 0 | _aCivilization, Modern | |
| 650 | 0 | _aFrench language | |
| 700 | 1 | _aLittardi, Arnaud. | |
| 942 | _cEK | ||
| 999 |
_c13093 _d13093 |
||